Vliv systému unit care na sociální síť klientů v seniorském věku

Sociálna sieť a zariadenia služieb sociálnej starostlivosti v Japonsku. Aktuálny stav starnúcej japonskej populácie a systém "unit care", ktorého cieľom je zlepšiť kvalitu života klientov v zariadeniach sociálnej starostlivosti.

Saved in:
Bibliographic Details
Main Author: Gohori, Josef
Other Authors: Hosoe, Yoko, Sýkora, Jan
Format: Book Chapter
Language:Czech
Subjects:
Tags: Add Tag
No Tags, Be the first to tag this record!

MARC

LEADER 00000naa a2200000 4500
001 0201626
005 20220729111849.1
041 0 |a cze 
044 |a CZ 
245 1 0 |a Vliv systému unit care na sociální síť klientů v seniorském věku  |c Josef Gohori, Yoko Hosoe, Jan Sýkora 
520 |a Sociálna sieť a zariadenia služieb sociálnej starostlivosti v Japonsku. Aktuálny stav starnúcej japonskej populácie a systém "unit care", ktorého cieľom je zlepšiť kvalitu života klientov v zariadeniach sociálnej starostlivosti. 
610 2 0 |a Japonsko 
610 2 0 |a starostlivosť sociálna 
610 2 0 |a služby starostlivosti sociálnej 
610 2 0 |a potreby sociálne 
610 2 0 |a práca sociálna 
610 2 0 |a seniori 
610 2 0 |a kvalita života 
100 1 |a Gohori, Josef 
700 1 |a Hosoe, Yoko 
700 1 |a Sýkora, Jan